Statystyki dla Podaj oznaczenie danej drogi szybkiego ruchu po przebiegu

Kliknij tutaj aby rozwiązać quiz!

Ogólne statystyki

  • Ten quiz został rozwiązany 221 razy
  • Średni wynik to 22 z 29

Statystyki odpowiedzi

OZNACZENIEPRZEBIEG% Poprawnych
A2Świecko (granica) – Kukuryki (granica)
97%
A4Jędrzychowice (granica) – Korczowa (granica)
95%
A8autostradowa obw. Wrocławia
94%
A1Rusocin – Gorzyczki (granica)
92%
A6Kołbaskowo (granica) – Rzęśnica
91%
A18Olszyna (granica) – Krzyżowa
84%
S7Gdynia – Rabka-Zdrój
84%
S2Płd. Obw. Warszawy
83%
S3Świnoujście – Lubawka
83%
S14Zach. obw. Łodzi
79%
S6Kołbaskowo – Rusocin
79%
S1Pyrzowice – Zwardoń (granica)
78%
S11Kołobrzeg – Piekary Śląskie
78%
S8Kłodzko – Choroszcz
78%
S5Ostróda – Bolków
76%
S12Piotrków Trybunalski – Dorohusk-Jahodyn
75%
S16Olsztyn – Knyszyn
75%
S19Kuźnica Białostocka (granica) – Barwinek
75%
S17Warszawa – Hrebenne
74%
S10Szczecin – Naruszewo
73%
S22Elbląg – Grzechotki (granica)
73%
S52Cieszyn (granica) – Głogoczów + płn. obw. Krakowa
71%
S79Warszawa (Marynarska) – Warszawa-Lotnisko
71%
S51Olsztyn – Olsztynek
68%
S86Sosnowiec (Małobądzka) – Katowice (Boh. Monte Cassino)
67%
S74Sulejów – Nisko
66%
S61Ostrów Mazowiecka – Budzisko
65%
S50Centralny Port Komunikacyjny – Mińsk Mazowiecki
63%
A50Centralny Port Komunikacyjny – Mińsk Mazowiecki
61%

Rozkład punktacji

Percentyl według liczby udzielonych odpowiedzi

Procent ludzi z każdym wynikiem

Twoja historia wyników

Nie rozwiązałeś tego quizu